|
|
|
|
| LEADER |
00847nam a22002295i 4500 |
| 001 |
29840 |
| 008 |
171127t2012 bg a 000 0 eng |
| 999 |
|
|
|c 38632
|d 38632
|
| 040 |
|
|
|a BD-DhAAL
|
| 082 |
|
|
|a 658.5095492
|2 21
|
| 245 |
0 |
0 |
|a Disaster risk reduction in Bangladesh /
|
| 260 |
|
|
|a Dhaka ;
|b MARRI Consortium, DIPECHO-VI,
|c 2012
|
| 300 |
|
|
|b illustrations ;
|c 22 cm.
|
| 526 |
|
|
|a AAL
|
| 541 |
|
|
|a Complimentary copy
|e 29840
|
| 650 |
|
|
|a Production management
|z Bangladesh
|9 3493
|
| 650 |
|
|
|a Emergency management
|z Bangladesh
|9 3494
|
| 700 |
|
|
|a Shaw, Rajib.
|9 3420
|
| 700 |
|
|
|a Mallik, Fuad.
|9 3495
|
| 700 |
|
|
|a Islam, Aminul.
|9 3496
|
| 942 |
|
|
|2 ddc
|c BK
|
| 952 |
|
|
|0 0
|1 4
|2 ddc
|4 0
|6 658_509549200000000_DIS
|7 0
|9 61975
|a BRACUL
|b BRACUL
|c GEN
|d 2017-11-27
|e Complimentary copy
|l 0
|o 658.5095492 DIS
|p 3010029840
|r 2017-11-27
|t 1
|w 2017-11-27
|y BK
|x Koha Inventory 2020
|